000 00488nam a2200181Ia 4500
005 20250508151920.0
008 008 250505s9999 xx 000 0 eng d
037 _aTextual
040 _aFEDL
_beng
_cFEDL
041 _aeng
_2eng
084 _a512, PEC
_qFEDL
100 _aPeck Lyman c
_9760363
245 0 _aElements of algebra
260 _aNew York, USA
_bMcGraw-Hill Book Company
_c1950
300 _a230p.
942 _cTEXL
_h512, PEC
999 _c1332930
_d1332930